[Event "Istanbul op"]
[Site "Istanbul"]
[Date "2007.08.29"]
[Round "1"]
[White "Ulucan, Teoman"]
[Black "Pashikian, Arman"]
[Result "0-1"]
[WhiteElo "2054"]
[BlackElo "2528"]
[PlyCount "88"]
[EventDate "2007.08.29"]
[EventType "swiss"]
[EventRounds "9"]
[EventCountry "TUR"]
[SourceTitle "CBM 120 Extra"]
[Source "ChessBase"]
[SourceDate "2007.11.01"]
[SourceVersion "1"]
[SourceVersionDate "2007.11.01"]
[SourceQuality "1"]

1. e4 c5 2. Nf3 d6 3. d4 cxd4 4. Nxd4 Nf6 5. Nc3 a6 6. Bg5 e6 7. f4 Be7 8. Qf3 h6 9. Bh4 Qc7 10. f5 Nc6 11. 0-0-0 Ne5 12. Qe2 b5 13. a3 Bd7 14. g3 g5 15. fxg6 Nxg6 16. Bg2 Rc8 17. Rhf1 Nxh4 18. gxh4 Qc5 19. Rf2 Rg8 20. Bf3 Rb8 21. Rg2 Rxg2 22. Qxg2 b4 23. axb4 Rxb4 24. Qg7 Qe5 25. Nce2 Bf8 26. Qg2 a5 27. c3 Rb8 28. Kb1 Qc5 29. Ka1 Qc4 30. Rf1 e5 31. Nf5 Bxf5 32. exf5 e4 33. Nd4 exf3 34. Re1+ Kd7 35. Qxf3 d5 36. Qf4 Bd6 37. Qxh6 Ne4 38. Qe3 Be5 39. Rc1 Qa4+ 40. Kb1 Qa3 41. Rc2 Nxc3+ 42. Qxc3 Qxc3 43. Rxc3 Bxd4 44. Rd3 Rxb2+ 0-1

[Event "EU-Cup 19th"]
[Site "Rethymno"]
[Date "2003.10.01"]
[Round "4.4"]
[White "Logothetis, Sotirios"]
[Black "Ulucan, Teoman"]
[Result "1-0"]
[WhiteElo "2255"]
[BlackElo "2103"]
[PlyCount "71"]
[EventDate "2003.09.28"]
[EventType "team-swiss"]
[EventRounds "7"]
[EventCountry "GRE"]
[SourceTitle "CBM 098"]
[Source "ChessBase"]
[SourceDate "2004.02.03"]
[SourceVersion "1"]
[SourceVersionDate "2004.02.03"]
[SourceQuality "1"]
[WhiteTeam "Heraklion OAA"]
[BlackTeam "Ankara Kolejiler"]
[WhiteTeamCountry "GRE"]
[BlackTeamCountry "TUR"]

1. Nf3 d5 2. c4 c6 3. e3 Nf6 4. d4 e6 5. Bd3 dxc4 6. Bxc4 b5 7. Bd3 Be7 8. 0-0 Bb7 9. e4 0-0 10. Qc2 h6 11. Qe2 Re8 12. e5 Nh7 13. Qe4 Nf8 14. Bxb5 Qb6 15. Bc4 Qb4 16. Qd3 Rd8 17. a3 Qb6 18. Nc3 c5 19. d5 exd5 20. Nxd5 Bxd5 21. Bxd5 Nc6 22. Qc4 Rac8 23. Bxf7+ Kh8 24. Qg4 Nd7 25. Qh5 Nd4 26. Nxd4 cxd4 27. e6 Nf6 28. Qg6 Nh7 29. Bf4 Bf6 30. Rae1 Qb7 31. Qf5 Qe7 32. Bd2 Rc5 33. Qd3 Qb7 34. Bb4 Rg5 35. Qe4 Qc7 36. e7 1-0

[Event "EU-Cup 19th"]
[Site "Rethymno"]
[Date "2003.09.30"]
[Round "3.4"]
[White "Ulucan, Teoman"]
[Black "Meessen, Rudolf"]
[Result "0-1"]
[WhiteElo "2103"]
[BlackElo "2279"]
[PlyCount "66"]
[EventDate "2003.09.28"]
[EventType "team-swiss"]
[EventRounds "7"]
[EventCountry "GRE"]
[SourceTitle "CBM 098"]
[Source "ChessBase"]
[SourceDate "2004.02.03"]
[SourceVersion "1"]
[SourceVersionDate "2004.02.03"]
[SourceQuality "1"]
[WhiteTeam "Ankara Kolejiler"]
[BlackTeam "Eupen Rochade"]
[WhiteTeamCountry "TUR"]
[BlackTeamCountry "BEL"]

1. e4 c5 2. Nf3 d6 3. d4 cxd4 4. Nxd4 Nf6 5. Nc3 g6 6. Be3 Bg7 7. f3 0-0 8. Qd2 Nc6 9. 0-0-0 Nxd4 10. Bxd4 Be6 11. Kb1 Qc7 12. h4 Rfc8 13. h5 Qa5 14. hxg6 hxg6 15. g4 Rxc3 16. Qxc3 Qxa2+ 17. Kc1 Bxg4 18. Bg2 Rc8 19. Qa3 Qxa3 20. bxa3 Bd7 21. Bxa7 Ba4 22. Rd2 Nh5 23. Kb1 Bc3 24. Rf2 b6 25. Kc1 Bd4 26. Bh3 Rc7 27. Rfh2 Rxa7 28. Rd1 Be5 29. Rf2 Rc7 30. Bf1 Nf4 31. Kb1 Rc3 32. Ka2 Bd7 33. Ra1 Be6+ 0-1

[Event "TUR-ch"]
[Site "Ankara"]
[Date "2002.07.26"]
[Round "5"]
[White "Ulucan, Teoman"]
[Black "Ataman, Alper Efe"]
[Result "1/2-1/2"]
[WhiteElo "2076"]
[BlackElo "2156"]
[PlyCount "116"]
[EventDate "2002.07.24"]
[EventType "swiss"]
[EventRounds "11"]
[EventCountry "TUR"]
[SourceTitle "CBM 089 Extra"]
[Source "ChessBase"]
[SourceDate "2002.09.10"]
[SourceVersion "2"]
[SourceVersionDate "2002.09.10"]
[SourceQuality "1"]

1. e4 c5 2. Nc3 Nc6 3. Nf3 e5 4. Bc4 Be7 5. d3 d6 6. Nd2 Nf6 7. Nf1 h6 8. Ne3 a6 9. a4 Nb4 10. Ncd5 Nbxd5 11. Nxd5 Rb8 12. a5 Nxd5 13. Bxd5 0-0 14. Qh5 Be6 15. Bxh6 gxh6 16. Bxe6 fxe6 17. Qg6+ Kh8 18. Qxh6+ Kg8 19. Qg6+ Kh8 20. d4 Rf6 21. Qh5+ Kg7 22. Ra3 Qe8 23. Rg3+ Rg6 24. dxe5 Rxg3 25. hxg3 Qxh5 26. Rxh5 Kg6 27. g4 dxe5 28. Rxe5 Kf6 29. Rh5 Rg8 30. f3 e5 31. Rh6+ Kf7 32. Rb6 Rb8 33. g3 Bd8 34. Rh6 Bxa5+ 35. Ke2 Rg8 36. c3 c4 37. Rh5 Bc7 38. Rf5+ Ke6 39. g5 Rh8 40. f4 Rh3 41. Kf2 Rh7 42. Kf3 Rf7 43. g6 Rxf5 44. exf5+ Kf6 45. fxe5+ Bxe5 46. g4 a5 47. Ke4 Bxc3 48. bxc3 a4 49. Kd5 a3 50. g5+ Kg7 51. Ke6 a2 52. f6+ Kxg6 53. f7 a1Q 54. f8Q Qa6+ 55. Kd5 Qc6+ 56. Kd4 Kxg5 57. Qg8+ Kf6 58. Qxc4 Qxc4+ 1/2-1/2

[Event "TUR-ch"]
[Site "Ankara"]
[Date "2002.07.25"]
[Round "3"]
[White "Kilicaslan, Hasan"]
[Black "Ulucan, Teoman"]
[Result "1/2-1/2"]
[WhiteElo "2260"]
[BlackElo "2076"]
[PlyCount "69"]
[EventDate "2002.07.24"]
[EventType "swiss"]
[EventRounds "11"]
[EventCountry "TUR"]
[SourceTitle "CBM 089 Extra"]
[Source "ChessBase"]
[SourceDate "2002.09.10"]
[SourceVersion "2"]
[SourceVersionDate "2002.09.10"]
[SourceQuality "1"]

1. d4 d5 2. Nf3 Nf6 3. c4 e6 4. Nc3 c6 5. cxd5 exd5 6. Bg5 Bf5 7. Qb3 Qb6 8. Bxf6 gxf6 9. Nd2 Nd7 10. e3 Bd6 11. Be2 Rg8 12. g3 0-0-0 13. Rc1 Kb8 14. a3 Qxb3 15. Nxb3 Nb6 16. Na5 c5 17. dxc5 Bxc5 18. b4 Bd6 19. 0-0 Be5 20. Nb3 Rc8 21. Nd4 Be6 22. f4 Bxf4 23. exf4 f5 24. Na2 Nd7 25. Rxc8+ Rxc8 26. Rc1 Rd8 27. Nc3 Nf6 28. Bd3 Ne4 29. Bxe4 Bd7 30. Kf2 a6 31. Ke3 f6 32. Nce2 Rc8 33. Nb5 Bxb5 34. Nc3 Rd8 35. Bxd5 1/2-1/2

[Event "EU-Cup 15th Gr5"]
[Site "Pula"]
[Date "1999.10.10"]
[Round "3"]
[White "Ulucan, Teoman"]
[Black "Horvath, Tamas"]
[Result "0-1"]
[WhiteElo "2125"]
[BlackElo "2393"]
[PlyCount "60"]
[EventDate "1999.10.08"]
[EventType "team-k.o."]
[EventRounds "3"]
[EventCountry "CRO"]
[SourceTitle "EXT 2020"]
[Source "ChessBase"]
[SourceDate "2019.10.17"]
[SourceVersion "1"]
[SourceVersionDate "2019.10.17"]
[SourceQuality "1"]
[WhiteTeam "Ankara Kolejliler"]
[BlackTeam "Zalaegerszegi Csuti Antal SK"]
[WhiteTeamCountry "TUR"]
[BlackTeamCountry "HUN"]

1. e4 c5 2. Nf3 Nc6 3. d4 cxd4 4. Nxd4 Qc7 5. Nc3 e6 6. Nxc6 bxc6 7. Bd3 Nf6 8. 0-0 d6 9. f4 Be7 10. e5 dxe5 11. Qf3 exf4 12. Bxf4 Qb6+ 13. Kh1 0-0 14. Be5 Ba6 15. Bxf6 Bxf6 16. Bxh7+ Kxh7 17. Qh3+ Kg8 18. Rxf6 Qxb2 19. Rg1 Qxc2 20. Rf4 Qd3 21. Ne4 f5 22. Ng3 Qe3 23. Rh4 Qg5 24. Nh5 Kf7 25. Nf4 Bc4 26. Rh5 Qxf4 27. Rh4 Qf2 28. Rxc4 Rh8 29. Qc3 Rxh2+ 30. Kxh2 Rh8+ 0-1

[Event "EU-Cup 13th Group1"]
[Site "Yerevan"]
[Date "1997.09.28"]
[Round "3"]
[White "Toria, Gocha"]
[Black "Ulucan, Teoman"]
[Result "1-0"]
[WhiteElo "2315"]
[BlackElo "2185"]
[PlyCount "70"]
[EventDate "1997.09.26"]
[EventType "team-k.o."]
[EventRounds "3"]
[EventCountry "ARM"]
[SourceTitle "EXT 2020"]
[Source "ChessBase"]
[SourceDate "2019.10.17"]
[SourceVersion "1"]
[SourceVersionDate "2019.10.17"]
[SourceQuality "1"]
[WhiteTeam "Zugdidi Nona"]
[BlackTeam "Ankara Kolejliler"]
[WhiteTeamCountry "GEO"]
[BlackTeamCountry "TUR"]

1. d4 d5 2. c4 c6 3. Qc2 Nf6 4. Nf3 g6 5. Bf4 Bg7 6. e3 0-0 7. Bd3 dxc4 8. Bxc4 Bf5 9. Qe2 Nbd7 10. Nc3 Nb6 11. Bb3 Nbd5 12. Be5 Qa5 13. Rc1 Ne4 14. 0-0 Ndxc3 15. bxc3 Bg4 16. Bxg7 Kxg7 17. Qd3 Bxf3 18. gxf3 Ng5 19. Qe2 e5 20. Kh1 exd4 21. cxd4 Qf5 22. f4 Ne6 23. Qf3 Rfe8 24. Rg1 h6 25. Bc2 Qf6 26. Rg3 Nf8 27. Rcg1 Qd6 28. f5 g5 29. h4 Nh7 30. Bb3 Qe7 31. Qh5 Qe4+ 32. Kh2 f6 33. hxg5 hxg5 34. Qg6+ Kh8 35. Rh3 Re7 1-0

[Event "EU-Cup 13th Group1"]
[Site "Yerevan"]
[Date "1997.09.26"]
[Round "1"]
[White "Ulucan, Teoman"]
[Black "Greenfeld, Alon"]
[Result "0-1"]
[WhiteElo "2185"]
[BlackElo "2540"]
[PlyCount "86"]
[EventDate "1997.09.26"]
[EventType "team-k.o."]
[EventRounds "3"]
[EventCountry "ARM"]
[SourceTitle "EXT 2020"]
[Source "ChessBase"]
[SourceDate "2019.10.17"]
[SourceVersion "1"]
[SourceVersionDate "2019.10.17"]
[SourceQuality "1"]
[WhiteTeam "Ankara Kolejliler"]
[BlackTeam "Beer Sheva"]
[WhiteTeamCountry "TUR"]
[BlackTeamCountry "ISR"]

1. e4 c5 2. Nf3 Nc6 3. d4 cxd4 4. Nxd4 Nf6 5. Nc3 d6 6. Bc4 e6 7. Be3 Be7 8. Qe2 Bd7 9. 0-0-0 Rc8 10. Rhg1 Ne5 11. Bd3 0-0 12. g4 d5 13. g5 Nxe4 14. Nxe4 Nxd3+ 15. Qxd3 dxe4 16. Qxe4 Qc7 17. f4 Rfd8 18. Rg3 Qc4 19. Kb1 Bc6 20. Qd3 Qxd3 21. cxd3 Ba4 22. b3 Be8 23. Rgg1 Rd5 24. Nc2 a5 25. Kb2 g6 26. Rg2 Bf8 27. Ne1 a4 28. Rc2 Ra8 29. Rc7 Bc6 30. Nc2 axb3 31. axb3 Bd6 32. Rxc6 bxc6 33. b4 Rb8 34. Kc3 c5 35. bxc5 Bxc5 36. d4 Bd6 37. h4 Rdb5 38. Kd3 Rb2 39. Bc1 R2b3+ 40. Kc4 Rb1 41. Kd3 Bxf4 42. Bxf4 Rxd1+ 43. Ke2 Rbb1 0-1